000 00586nam a2200217Ia 4500
005 20250425161934.0
008 250425s9999 xx 000 0 und d
020 _a8487440657
041 _aspa
082 _a621.564
110 _aCOMISION NACIONAL C.F.C. DE LA ASOCIACION FRANCESA
245 0 _aVADEMECUM DE LA RECUPERACION DE LOS C.F.C. Y OTROS FLUIDOS FRIGORIGENOS
250 _a1A ED.
260 _aEspaƱa
_bA. MADRID VICENTE
_c1995
260 _aMADRID
300 _a312
650 _aFLUIDOS CFC
650 _aFLUIDOS FRIGORIGENOS
942 _c01
010 _a35723
999 _c219229
_d219229